000 01175nam a2200349 c 4500
001 57791
003 CO-BoRNBP
005 20250730155909.0
007 ta
008 121119s1988 ck a br 000 f spa d
020 _a9582400137
040 _aCO-BoRNBP
_bspa
_erda
_cCO-BoRNBP
041 1 _aspa
_heng
043 _ae-uk-en
084 _aN
100 1 _aDahl, Roald,
_d1916-1990
_eaut
_961627
245 1 3 _aEl superzorro /
_cRoald Dahl ; traducción de Ramón Buckley ; ilustraciones de Horacio Elena.
250 _aDoceava reimpresión
264 1 _aBogotá, Colombia :
_bEdiciones Santillana,
_c1988
300 _a153 páginas :
_bilustraciones
336 _atexto
_btxt
_2rdacontent
337 _asin mediación
_bn
_2rdamedia
338 _avolumen
_bnc
_2rdacarrier
521 _aRecomendado para un público infantil mayor de 6 años
534 _tFantastic Mr. Fox
650 0 7 _aAnimales en la literatura
_2lemb
_9853
650 0 7 _aLiteratura infantil inglesa
_ysiglo xx
_2lemb
_9701
650 0 7 _aNovela infantil inglesa
_ysiglo xx
_2lemb
_961628
700 _aBuckley, Ramón
_etrl
_961629
700 _aHoracio, Elena,
_d1940-
_eill
_961630
942 _2loc
_cBKLITI
999 _c57791
_d57791